Country Name in Native Language - Statistics

General Stats
  • This quiz has been taken 13 times
  • The average score is 65 of 196
Answer Stats
Name Answer % Correct
Germany Deutschland
90%
United Kingdom United Kingdom
90%
Poland Polska
80%
Australia Australia
70%
Brazil Brasil
70%
Spain España
70%
France France
70%
Guyana Guyana
70%
Indonesia Indonesia
70%
Iran Īrān
70%
Iceland Ísland
70%
Italy Italia
70%
Liechtenstein Liechtenstein
70%
Norway Norge
70%
Austria Österreich
70%
Portugal Portugal
70%
San Marino San Marino
70%
Finland Suomi
70%
United States United States
70%
Angola Angola
60%
Argentina Argentina
60%
Canada Canada
60%
Chile Chile
60%
Colombia Colombia
60%
Costa Rica Costa Rica
60%
Denmark Danmark
60%
Dominica Dominica
60%
Ecuador Ecuador
60%
Ireland Éire
60%
Federated States of Micronesia Federated States of Micronesia
60%
Grenada Grenada
60%
Guatemala Guatemala
60%
Kenya Kenya
60%
Malaysia Malaysia
60%
Malta Malta
60%
Namibia Namibia
60%
Netherlands Nederland
60%
Niger Niger
60%
Nigeria Nigeria
60%
Panama Panamá
60%
Paraguay Paraguay
60%
Peru Perú
60%
Russia Rossiya
60%
Rwanda Rwanda
60%
Saint Kitts and Nevis Saint Kitts and Nevis
60%
Saint Lucia Saint Lucia
60%
Saint Vincent and the Grenadines Saint Vincent and the Grenadines
60%
Sweden Sverige
60%
Tanzania Tanzania
60%
Tonga Tonga
60%
Uganda Uganda
60%
Uruguay Uruguay
60%
Venezuela Venezuela
60%
Zambia Zambia
60%
Zimbabwe Zimbabwe
60%
Andorra Andorra
50%
Antigua and Barbuda Antigua and Barbuda
50%
Belgium België
50%
Belize Belize
50%
Benin Bénin
50%
Botswana Botswana
50%
Brunei Brunei
50%
Burkina Faso Burkina Faso
50%
Ivory Coast Cote d'Ivoire
50%
Cuba Cuba
50%
El Salvador El Salvador
50%
Gambia Gambia
50%
Jamaica Jamaica
50%
Lesotho Lesotho
50%
Libya Libya
50%
Malawi Malawi
50%
Mali Mali
50%
Moldova Moldova
50%
Nicaragua Nicaragua
50%
Japan Nihon
50%
Pakistan Pākistān
50%
Qatar Qaṭar
50%
Romania România
50%
Samoa Sāmoa
50%
Senegal Sénégal
50%
Sri Lanka Sri Lankā
50%
Switzerland Suisse
50%
Eswatini Swaziland
50%
East Timor Timór-Leste
50%
Togo Togo
50%
Trinidad and Tobago Trinidad and Tobago
50%
Turkey Türkiye
50%
Tuvalu Tuvalu
50%
Vanuatu Vanuatu
50%
Bangladesh Bangladesh
40%
Cape Verde Cabo Verde
40%
Estonia Eesti
40%
Honduras Honduras
40%
Croatia Hrvatska
40%
Laos Lao
40%
Liberia Liberia
40%
Myanmar Myanma
40%
Dominican Republic República Dominicana
40%
Albania Shqipëri
40%
Sierra Leone Sierra Leone
40%
Turkmenistan Türkmenistan
40%
Greece Hellas
30%
Kyrgyzstan Kyrgyzstan
30%
Hungary Magyarország
30%
Egypt Miṣr
30%
São Tomé and Príncipe São Tomé e Príncipe
30%
South Sudan South Sudan
30%
Serbia Srbija
30%
Iraq Al-'Iraq
20%
India Bharat
20%
Bulgaria Bulgariya
20%
Cameroon Cameroun
20%
Vatican City Città del Vaticano
20%
Montenegro Crna Gora
20%
Ghana Gaana
20%
Equatorial Guinea Guinea Ecuatorial
20%
Guinea - Bissau Guiné-Bissau
20%
Armenia Hayastán
20%
Cambodia Kampuchea
20%
Kosovo Kosova
20%
Cyprus Kypros
20%
Latvia Latvija
20%
Lithuania Lietuva
20%
Mongolia Mongol Uls
20%
Kazakhstan Qazaqstan
20%
Democratic Republic of the Congo République démocratique du Congo
20%
Republic of the Congo République du Congo
20%
Georgia Sak'art'velo
20%
Slovenia Slovenija
20%
Slovakia Slovensko
20%
China Zhōngguó
20%
Morocco al-Maghrib
10%
New Zealand Aotearoa
10%
Belarus Bielarus
10%
North Korea Chosŏn
10%
Guinea Gine
10%
South Korea Hanguk
10%
Luxembourg Letzebuerg
10%
Lebanon Lubnān
10%
Madagascar Madagasikara
10%
Mauritius Maurice
10%
Mozambique Moçambique
10%
Uzbekistan Oʻzbekiston
10%
Philippines Pilipinas
10%
Singapore Singapura
10%
Afghanistan Afghanestan
0%
Bahrain Al-Baḥrayn
0%
United Arab Emirates Al-’Imārat Al-‘Arabiyyah Al-Muttaḥidah
0%
Algeria Al-Jazā'ir
0%
Kuwait Al-Kuwayt
0%
Saudi Arabia Al-Mamlaka
0%
Jordan Al-’Urdun
0%
Yemen Al-Yaman
0%
Marshall Islands Aorōkin M̧ajeļ
0%
Sudan As-Sudan
0%
Haiti Ayiti
0%
Azerbaijan Azerbaycan
0%
Bahamas Baja mar
0%
Palau Belau
0%
Bosnia and Herzegovina Bosna i Hercegovina
0%
Bolivia Buliwya
0%
Czech Republic Česká Republika
0%
Maldives Dhivehi Raajje
0%
Bhutan Druk Yul
0%
Barbados Ichi-rougan-aim
0%
Eritrea Iritriya
0%
Ethiopia Ityop'ia
0%
Djibouti Jībūtī
0%
Central African Republic Ködörösêse tî Bêafrîka
0%
Comoros Komori
0%
Mexico Mēxihco
0%
Monaco Monaca
0%
Mauritania Muritan
0%
Nauru Naoero
0%
Nepal Nepāla
0%
Papua New Guinea Papua Niugini
0%
Thailand Prathet Thai
0%
Suriname Republiek Suriname
0%
Gabon République gabonaise
0%
Kiribati Ribaberiki Kiribati
0%
Seychelles Sesel
0%
North Macedonia Severna Makedonija
0%
Solomon Islands Solomon Aelan
0%
Somalia Soomaaliya
0%
South Africa Suid-Afrika
0%
Syria Suriyah
0%
Tajikistan Tojikistan
0%
Chad Tšād
0%
Tunisia Tunes
0%
Burundi Uburundi
0%
Ukraine Ukraїna
0%
Oman ‘Umān
0%
Fiji Viti
0%
Vietnam Việt Nam
0%
Israel Yisrael
0%
Taiwan Zhōnghuá
0%
No matching quizzes found
Score Distribution
Percent of People with Each Score
Percentile by Number Answered
Your Score History
You have not taken this quiz